Viver Melhor (Record no. 263)
[ view plain ]
| 000 -LÍDER | |
|---|---|
| campo de controle de tamanho fixo | 01174nam a2200253 4500 |
| 001 - NÚMERO DE CONTROLE | |
| campo de controle | 263 |
| 003 - IDENTIFICADOR DO NÚMERO DE CONTROLE | |
| campo de controle | OSt |
| 005 - DATA E HORÁRIO DA ÚLTIMA TRANSAÇÃO | |
| campo de controle | 20250225094345.0 |
| 008 - CAMPO DE DADOS FIXOS--INFORMAÇÃO GERAL | |
| campo de controle de tamanho fixo | 250225b |||||||e |||| 00| 1 eng d |
| 020 ## - ISBN - INTERNATIONAL STANDARD BOOK NUMBER | |
| ISBN - International Standard Book Number | 9788560451142 |
| 040 ## - FONTE DA CATALOGAÇÃO | |
| Idioma da catalogação | por |
| 041 ## - CÓDIGO DE IDIOMA | |
| Código do idioma do original e/ou traduções intermediárias do texto | por |
| 082 ## - CDD - CLASSIFICAÇÃO DECIMAL DE DEWEY | |
| Número de Classificação | 133.9 |
| Número do exemplar | I35v |
| 100 1# - ENTRADA PRINCIPAL--NOME PESSOAL | |
| Nome pessoal | Inácio, Celso Batista |
| Datas associadas ao nome | 1953- |
| 9 (RLIN) | 486 |
| 245 ## - TÍTULO | |
| Título | Viver Melhor |
| Restante do título | Orientações para o seu dia a dia / |
| Indicação de responsabilidade, etc. | Inácio, Celso Batista ; |
| 260 ## - PUBLICAÇÃO, DISTRIBUIÇÃO, ETC. | |
| Local de publicação, distribuição, etc. | Santa Luzia |
| Nome do editor, distribuidor, etc. | Cristo Consolador |
| Data da publicação, distribuição, etc. | 2011 |
| 300 ## - DESCRIÇÃO FÍSICA | |
| Extensão | 155 p. |
| 520 ## - NOTA DE RESUMO, ETC. | |
| Resumo, etc. | O livro, por suas palavras, é também um tipo de energia que emite suas vibrações, assim, quando se abre as suas páginas, vai-se diretamente para a energia afim, ou seja, aquela que se casa melhor com o problema apresentado. Dessa forma, a orientação será perfeita para aquela hora e para aquele problema. Este livro é um conselheiro que usa as próprias vibrações do leitor para levá-lo ao encontro da resposta certa e dar-lhe instrumentos de confiança para uma tomada de decisão. |
| 650 #0 - ASSUNTO--TERMO TÓPICO | |
| Cabeçalho tópico ou nome geográfico | Literatura Brasileira |
| 9 (RLIN) | 205 |
| 650 #0 - ASSUNTO--TERMO TÓPICO | |
| Cabeçalho tópico ou nome geográfico | Estudos Espíritas |
| 9 (RLIN) | 165 |
| 650 #0 - ASSUNTO--TERMO TÓPICO | |
| Cabeçalho tópico ou nome geográfico | Auto Conhecimento |
| 9 (RLIN) | 19 |
| 655 #0 - TERMO DE ÍNDICE--GÊNERO E FORMA | |
| Gênero/forma/ou termo foco | Romance |
| 942 ## - ELEMENTOS DE ENTRADA ADICIONADOS (KOHA) | |
| Fonte de classificação ou esquema de arquivamento | Classificação decimal de Dewey |
| Ocultar no OPAC | Não |
| Tipo de material Koha | Livros |
| Situação do descarte | Situação das perdas | Fonte de classificação ou esquema de arquivamento | Materiais especificados (volume encadernado ou outra parte) | Status danificado | Não pode ser emprestado | Coleção | Biblioteca de origem | Biblioteca atual | Localização na estante | Data de aquisição | Fonte de aquisição | Total de empréstimos | Número de chamada completo | Código de barras | Data de último acesso | Data do preço efetivo | Tipo de material Koha |
|---|---|---|---|---|---|---|---|---|---|---|---|---|---|---|---|---|---|
| Classificação decimal de Dewey | Não ficção | Biblioteca Professor Eduardo Afonso de Castro | Biblioteca Professor Eduardo Afonso de Castro | Obras Espíritas | 25.02.2025 | doação | 133.9 / I35v | 2025-17216 | 24.02.2025 | 24.02.2025 | Livros |